| 000 | 01842nam a2200313Ia 4500 | ||
|---|---|---|---|
| 999 |
_c51381 _d51381 |
||
| 001 | 18365 | ||
| 003 | GE_BSU | ||
| 005 | 20220519114523.0 | ||
| 008 | 181216s2010||||ge |||||||||||||| ||geo|| | ||
| 020 | _a9789941027659 | ||
| 040 | _cGE_BSU | ||
| 041 | _ageo | ||
| 080 | _a316.77 ს-94 | ||
| 100 |
_aსუმბაძე, ნანა _913773 |
||
| 245 |
_aინტერპერსონალური კომუნიკაცია : _bმომსახურების სფერო / _c[ავტ.: ნანა სუმბაძე, თამარ მახარაძე ; პ/მგ რედ. ანასტასია ქიტიაშვილი ; ილ. მაია სუმბაძე ; ეროვნ. სასწ. გეგმებისა და შეფასების ცენტრი]. |
||
| 264 |
_aთბილისი, _c2010. |
||
| 300 |
_a122 გვ.: _bილ.; _c24 სმ. |
||
| 500 | _aთავფურ. და გარეკანზე ავტ. მითით. არ არიან. | ||
| 501 | _aტერმინთა განმარტება: გვ. 119-120. | ||
| 504 | _aბიბლიოგრ.: გვ. 121-122. | ||
| 541 | _h26 ლ. | ||
| 653 | _aინტერპერსონალური კომუნიკაცია | ||
| 653 | _aმომსახურების სფერო | ||
| 700 |
_aმახარაძე, თამარ _eავტორი _913774 |
||
| 700 |
_aქიტიაშვილი, ანასტასია _eრედაქტორი _92706 |
||
| 700 |
_aსუმბაძე, მაია _eილუსტრატორი _913775 |
||
| 710 |
_aეროვნ. სასწ. გეგმებისა და შეფასების ცენტრი _913776 |
||
| 942 |
_cBK _2udc |
||